|
|
|
|
| LEADER |
00893nam a22002171 4500 |
| 001 |
2166422 |
| 003 |
GR-PaULI |
| 005 |
20210117210616.0 |
| 008 |
840806s1960 hu b 000 0 ger |
| 040 |
|
|
|a DLC/ICU
|c ICU
|d DLC
|b gre
|e AACR2
|
| 082 |
0 |
0 |
|a 515.24
|2 23
|
| 100 |
1 |
|
|a Alexits, Gyorgy
|d 1899-
|9 106426
|e συγγραφέας.
|
| 245 |
1 |
0 |
|a Konvergenzprobleme der Orthogonalreihen /
|c G. Alexits.
|
| 260 |
|
|
|a Budapest :
|b Verlag der Ungarischen Akademie der Wissenschaften,
|c [1960].
|
| 300 |
|
|
|a 307 σ. ;
|c 25 εκ.
|
| 504 |
|
|
|a Περιλαμβάνει βιβλιογραφία.
|
| 650 |
|
4 |
|a Σειρές (Μαθηματικά)
|9 61430
|
| 942 |
|
|
|2 ddc
|c BK15
|
| 952 |
|
|
|0 0
|1 0
|2 ddc
|4 0
|6 515_240000000000000_ALE
|7 0
|9 221735
|a LISP
|b LISP
|c BSC
|d 2018-05-02
|i 123773
|l 0
|o 515.24 ALE
|p 025000041982
|r 2018-05-02 00:00:00
|t 1
|v 2018.00
|w 2018-05-02
|y BK15
|
| 998 |
|
|
|c ΜΠΟΥΡΑΣ
|d 2018-05
|
| 999 |
|
|
|c 134003
|d 134003
|